00606nam a2200217 a 4500003000800000005001700008008004100025035001400066040003700080041000800117082002400125245003600149260003400185300002200219490002800241490001800269504002600287600003000313700001700343830002800360BD-RjUL20250517161511.0250517s1963 nju b 000 p eng d a(BD-RjUL) aDLCcDLCdm.cdEQOdBD-RjULbeng aeng a821.4bHUD 195422310aDryden's essays /cW.H. Hudson aLondon :bJ.M.Dent, ,cc1954. a302 p. ;c19 cm.1 aTwentieth century views0 aSpectrum book aBibliography: p. 186.10aDryden, John,d1631-1700.1 aHudson, W.H. 0aTwentieth century views